[Event "BLR-ch U20 Girls"]
[Site "Minsk"]
[Date "2006.04.10"]
[Round "4"]
[White "Leonovich, Evgenia"]
[Black "Scherbakova, Alisa"]
[Result "0-1"]
[WhiteElo "2033"]
[BlackElo "2003"]
[PlyCount "56"]
[EventDate "2006.04.07"]
[EventType "tourn"]
[EventRounds "7"]
[EventCountry "BLR"]
[SourceTitle "EXT 2007"]
[Source "ChessBase"]
[SourceDate "2006.11.23"]
[SourceVersion "1"]
[SourceVersionDate "2006.11.23"]
[SourceQuality "1"]

1. e4 c6 2. d4 d5 3. Nc3 dxe4 4. Nxe4 Nf6 5. Nxf6+ gxf6 6. c3 Bf5 7. Nf3 Qc7 8. g3 e6 9. Bg2 Nd7 10. 0-0 Bd6 11. Nh4 Bg6 12. Bh6 0-0-0 13. Re1 f5 14. c4 Be7 15. Qa4 Bxh4 16. gxh4 Rhg8 17. Bg5 f6 18. Bd2 Bh5 19. Qa3 Nb6 20. Ba5 Qg7 21. Qg3 Qd7 22. Qb3 Nxc4 23. Bxd8 Qd5 24. Qg3 Rxg3 25. hxg3 Qxd8 26. Rxe6 Qxd4 27. Rae1 Ne5 28. Re7 Qb4 0-1